| 000 | 00000nam##2200000za#4500 |
| 001 | 9.695027 |
| 003 | CaOODSP |
| 005 | 20210624234403 |
| 007 | cr ||||||||||| |
| 008 | 150407|2007||||xxc|||||o f|0| 0 eng|d |
| 040 | |aCaOODSP|beng |
| 043 | |an-cn--- |
| 086 | 1 |aA72-62/1-2007E-PDF |
| 110 | 1 |aCanada. |bAgriculture and Agri-Food Canada. |
| 245 | 10|aCanada - we're on your map : |h[electronic resource]|btwo-way trade in agricultural products between Canada and the United States in 2007 |
| 260 | |aOttawa - Ontario : |bAgriculture and Agri-Food Canada |c[2007]. |
| 300 | |a1p.|bcoloured map |
| 500 | |aThe catalogue number (A72-62/1-2007) and the ISBN (978-1-662-05316-3) for the bilingual print edition have been incorrectly copied in this PDF version. |
| 590 | |a12-30-Supp|b2012-06-28 |
| 775 | 08|tLe Canada - un partenaire privilégié : |w(CaOODSP)9.639188 |
| 856 | 40|ahttp://publications.gc.ca|qPDF|s326 KB|uhttps://publications.gc.ca/collections/collection_2011/agr/A72-62-1-2007-eng.pdf |
| 986 | |aAAFC No.: 10414E |